000 00419nam a22001697a 4500
003 OSt
005 20220223143143.0
008 220223b |||||||| |||| 00| 0 eng d
020 _a0-521-56881-1
040 _aDDC
_cHU
082 _21ST
_a618.92
_b4
100 _aM.SEEAR
_931328
245 _aTHE POCKET PEDIATRICIAN
250 _a1ST
260 _aCAMBRIDGE
_bCAMBRIDGE UNIVERSITY PRESS
_c1996
942 _2ddc
_cBOOKS
_n0
999 _c31389
_d31389